Konkurencieschopnosť slovenských podnikov a možnosti jej porovnávania
Konkurencieschopnosť a jej úrovne. Konkurencieschopnosť podniku. Konkurencieschopnosť slovenských podnikov. Benchmarkingové hodnotenie podniku. Metódy porovnávania konkurencieschopnosti. Konkurencieschopnosť v oceliarskom priemysle. Prejavy krízy v oceliarskych podnikoch na Slovensku.
Salvato in:
| Autore principale: | |
|---|---|
| Natura: | Capitolo di libro |
| Lingua: | slovacco |
| Soggetti: | |
| Tags: |
Nessun Tag, puoi essere il primo ad aggiungerne!!
|
MARC
| LEADER | 00000naa a2200000 4500 | ||
|---|---|---|---|
| 001 | 0160654 | ||
| 005 | 20231013085040.5 | ||
| 041 | 0 | |a slo | |
| 044 | |a SK | ||
| 245 | 1 | 0 | |a Konkurencieschopnosť slovenských podnikov a možnosti jej porovnávania |c Peter Malega |
| 520 | |a Konkurencieschopnosť a jej úrovne. Konkurencieschopnosť podniku. Konkurencieschopnosť slovenských podnikov. Benchmarkingové hodnotenie podniku. Metódy porovnávania konkurencieschopnosti. Konkurencieschopnosť v oceliarskom priemysle. Prejavy krízy v oceliarskych podnikoch na Slovensku. | ||
| 610 | 2 | 0 | |a kríza hospodárska |
| 610 | 2 | 0 | |a Slovensko |
| 610 | 2 | 0 | |a podnik priemyselný |
| 610 | 2 | 0 | |a oceliarstvo |
| 610 | 2 | 0 | |a konkurencieschopnosť |
| 100 | 1 | |a Malega, Peter | |